Acteurs ayant interprété le même personnage 1 - Statistiques

Statistiques générales
  • Ce quiz a été pris 166 fois
  • Le résultat moyen est 8 sur 20
Statistiques - réponses
ACTEURS PERSONNAGES % Correct
Sean Connery / George Lazenby / Roger Moore / Timothy Dalton / Pierce Brosnan / Daniel Craig James Bond
97%
Adam West / Michael Keaton / Val Kilmer / George Clooney / Christian Bale / Ben Affleck / Robert Pattinson Batman / Bruce Wayne
92%
Christopher Reeves / Brandon Routh / Dean Cain / Tyler Hoechlin / Tom Welling / Henry Cavill Superman / Clark Kent
88%
Christian Clavier / Edouard Baer / Clovis Cornillac / Guillaume Canet Astérix
84%
Tobey Maguire / Andrew Garfield / Tom Holland Spider-man / Peter Parker
84%
Jack Nicholson / Jared Leto / Heath Ledger / Joaquin Phoenix Le Joker
80%
Angelina Jolie / Alicia Vikander Lara Croft
51%
Anthony Hopkins / Gaspard Ulliel / Mads Mikkelsen Hannibal Lecter
43%
Douglas Fairbanks / Errol Flynn / Kevin Costner / Russel Crowe / Taron Edgerton Robin des Bois
43%
Pierre Richard / Jacques Villeret / Daniel Auteuil / Gal Elmaleh François Pignon
34%
Alec Guinness / Ewan McGregor Obi-Wan Kenobi
33%
Helen Mirren / Claire Foy / Emma Thompson / Imelda Staunton / Olivia Colman Elizabeth II
26%
Marlon Brando / Alain Chabat / Ian Holm / Daniel Auteuil / Christian Clavier / Daniel Gélin / Pierre Mondy Napoléon Bonaparte
22%
Cate Blanchett / Morfydd Clark Galadriel
19%
Jim Caviezel / Will Ferrell / Ewan McGregor / Liam Neeson / Christian Bale / Willem Dafoe Jésus
12%
Leonardo di Caprio / Benoît Magimel / Alan Rickman / Beau Bridges Louis XIV
11%
Jane Seymour / Diane Kruger / Kirsten Dunst / Lana Marconi Marie-Antoinette
11%
Gérard Depardieu / Jim Caviezel / Jean Marais / Louis Jourdan / Richard Chamberlain Edmond Dantès / Le Comte de Monte-Cristo
7%
Colin Farrell / Richard Burton / William Shatner Alexandre le Grand
5%
Sean Connery / Anthony Hopkins / Patrick Stewart / Richard Harris Richard Coeur de Lion
2%
Aucun quiz correspondant
Distribution des résultats
% des personnes avec chaque résultat
Percentile par nombre de réponses
Votre historique - résultats
Vous n’avez pas pris ce quiz